| 000 | 01060cam a2200349 i 4500 | ||
|---|---|---|---|
| 001 | 0000652 | ||
| 003 | DO-SdBPM | ||
| 005 | 20250709101051.0 | ||
| 007 | ta | ||
| 008 | 100514s 2005 sp ac | 000 f spa | ||
| 015 | _a | ||
| 017 |
_a _b |
||
| 020 | _a8403096038 | ||
| 035 | _a | ||
| 040 |
_aDO-SdBPM _bspa _cBPMSU _e rda |
||
| 080 | _a | ||
| 082 | 4 |
_a364.66 _bC823h 2005 _222 |
|
| 100 | 1 |
_aCorral, José Luis, _d1957- _eautor |
|
| 245 | 1 | 0 |
_aHistoria de la pena de muerte / _cJosé Luis Corral. |
| 264 |
_aMadrid : _bSantillana ediciones generales, _c2005. |
||
| 300 |
_a250 páginas : _bilustraciones., retratos. ; _c25 cm. |
||
| 336 |
_atexto _btxt _2rdacontent |
||
| 337 |
_asin mediación _bn _2rdamedia |
||
| 338 |
_avolumen _bnc _2rdacarrier |
||
| 500 | _aIncluye datos biográficos del autor. | ||
| 504 | _aBibliografía p: 241-250 | ||
| 590 | _aInventariado, 2025/VM | ||
| 650 | 7 |
_aPena de muerte _xHistoria. |
|
| 650 | 7 |
_aPena de muerte _xAspectos religiosos |
|
| 910 | _aVMateo V. Control de calidad. BPMSU | ||
| 942 |
_2ddc _cBK |
||
| 999 |
_c11301 _d11301 |
||